| 000 | 01909nam a2200241Ia 4500 | ||
|---|---|---|---|
| 008 | 260220t1996||||xx |||||||||||||| ||spa|| | ||
| 040 |
_aPY-SlUNAC _bspa _erda |
||
| 041 | _aspa | ||
| 082 |
_a551.6 _bT227t |
||
| 100 |
_aWatson, Robert T. _eAutor |
||
| 245 | 0 |
_aTecnologías, políticas y medidas para mitigar el cambio climático / _cpor Robert T. Watson [Editor] |
|
| 264 |
_a[Lugar de publicación no identificado] : _bGrupo Intergubernamental de Expertos sobre el Camb, _c℗1996. |
||
| 300 | _a1 volumen | ||
| 520 | _aEl libro de Robert T. Watson aborda las diversas tecnologías, políticas y estrategias necesarias para mitigar el cambio climático, un desafío global crítico. A través de un análisis exhaustivo de las interacciones entre actividades humanas y el medio ambiente, el autor examina cómo las innovaciones tecnológicas pueden contribuir a la reducción de emisiones de gases de efecto invernadero. Además, se discuten las políticas públicas que deben implementarse para apoyar estas tecnologías y fomentar un desarrollo sostenible. Watson destaca la importancia de la cooperación internacional y el compromiso de los gobiernos para establecer medidas efectivas que promuevan la transición hacia energías limpias y renovables. También se enfatiza el papel esencial de la educación y la concienciación en la lucha contra el cambio climático, así como la necesidad de medir y evaluar continuamente el impacto de las acciones emprendidas. En conjunto, el libro proporciona un marco integral para entender y abordar los retos del cambio climático mediante un enfoque multidisciplinario y colaborativo. | ||
| 653 | _aCambio climático | ||
| 653 | _aPolíticas ambientales | ||
| 653 | _aTecnología | ||
| 942 |
_b2026/02/17 _cBK |
||
| 999 |
_c8067 _d8067 |
||